000 00650nam a22002057a 4500
005 20250808142110.0
010 _aENG-126398 ENG-146431
020 _c395.00
_a978-81-908096-8-9
035 _aEN-109930
035 _aEN-129963
037 _bDBAD/PUB
082 _aS
100 _aMehta, Alok
_983994
245 _aBird Did Not Sing Yet Again/
_cby Alok Mehta
260 _bSamayik Books
_aNew Delhi
270 _bNew Delhi
_a3320-21 Jatwara,Daryaganj, N.S.Marg,
_e110002
_k011-23282733, 23270715
_k07065507086,09868934715
_msamayikprakashan@gmail.com
300 _a128p.
_c21cm(hb)
650 _aENGLISH NOVEL
_983995
942 _2ddc
_cEN
_hS
_mMEH
999 _c167435
_d167435